Test your C Skills (Record no. 7972)

MARC details
000 -LEADER
fixed length control field 00294nam a2200121Ia 4500
008 - FIXED-LENGTH DATA ELEMENTS--GENERAL INFORMATION
fixed length control field 191201s2016 xx 000 0 und d
100 ## - MAIN ENTRY--PERSONAL NAME
Personal name KANETKAR, Yashavant
245 #0 - TITLE STATEMENT
Title Test your C Skills
250 ## - EDITION STATEMENT
Edition statement Rep
260 ## - PUBLICATION, DISTRIBUTION, ETC. (IMPRINT)
Date of publication, distribution, etc 2016
Name of publisher, distributor, etc BPB Publication
Place of publication, distribution, etc NEW DELHI
300 ## - PHYSICAL DESCRIPTION
Extent 472
942 ## - ADDED ENTRY ELEMENTS (KOHA)
Source of classification or shelving scheme Dewey Decimal Classification
Koha item type Text Books
942 ## - ADDED ENTRY ELEMENTS (KOHA)
-- 13
Holdings
Withdrawn status Lost status Source of classification or shelving scheme Damaged status Not for loan Collection code Home library Current library Date acquired Source of acquisition Cost, normal purchase price Bill Number Total Checkouts Full call number Acc. no. / Barcode Date last seen Date last borrowed Actual Cost, discounted price Bill Date Koha item type
    Dewey Decimal Classification     BCA PIET C-LIBRARY PIET C-LIBRARY 23/03/2017 Kirti Prakashan 270.00 IN 5616 3 005.133 KAT BC1222 10/10/2022 26/09/2022 180.90 23/03/2017 Text Books
    Dewey Decimal Classification     BCA PIET C-LIBRARY PIET C-LIBRARY 23/03/2017 Kirti Prakashan 270.00 IN 5616 1 005.133 KAT BC1223 04/03/2020 19/02/2020 180.90 23/03/2017 Text Books
    Dewey Decimal Classification     BCA PIET C-LIBRARY PIET C-LIBRARY 19/04/2018 Kirti Prakashan 297.00 IN0317   005.133 KAT BC1258 04/12/2019   196.00 19/04/2018 Text Books
    Dewey Decimal Classification     BCA PIET C-LIBRARY PIET C-LIBRARY 19/04/2018 Kirti Prakashan 297.00 IN0317 3 005.133 KAT BC1259 06/10/2022 26/09/2022 196.00 19/04/2018 Text Books
    Dewey Decimal Classification     BCA PIET C-LIBRARY PIET C-LIBRARY 19/04/2018 Kirti Prakashan 297.00 IN0317 1 005.133 KAT BC1260 20/06/2022 30/05/2022 196.00 19/04/2018 Text Books
    Dewey Decimal Classification     BCA PIET C-LIBRARY PIET C-LIBRARY 19/04/2018 Kirti Prakashan 297.00 IN0317 3 005.133 KAT BC1261 17/10/2022 11/10/2022 196.00 19/04/2018 Text Books
    Dewey Decimal Classification     BCA PIET C-LIBRARY PIET C-LIBRARY 19/04/2018 Kirti Prakashan 297.00 IN0317 2 005.133 KAT BC1262 23/11/2020 26/10/2020 196.00 19/04/2018 Text Books

Design & Developed by: PIET Central Library
R70 Miles Stone Pattikalyana Samalkha Panipat 132102
mail ID :- [email protected], Phone No:- 0180-2569700 Ex.216